000 00977nam a2200253 i 4500
001 115478
003 ES-MaACL
005 20250825062602.0
007 t|
008 070309s1931 sp ||||1| spa d
080 _a821.134.2-293.2"19"
100 1 _aFernández de Sevilla, Luis.
_949713
245 1 3 _aLa ley seca
_b: fantasía en dos actos, cinco cuadros, un comunicado, prólogo, epílogo y apoteosis, en prosa y verso /
_cLuis Fdez. de Sevilla, Anselmo C. Carreño ; música de los maestros Cayo Vela y Bru.
260 _aMadrid :
_bPrensa Moderna,
_c1931.
300 _a60 p. ;
_c17 cm.
490 1 _aEl Teatro moderno ;
_v285
500 _aEstrenada en el Teatro Chueca, de Madrid, la noche del 4 de junio de 1930.
700 1 _aCarreño, Anselmo C.
_935612
700 1 _aVela Marqueta, Cayo.
_9113689
700 1 _aBru, Enrique.
_9185873
830 0 3 _aEl teatro moderno (Prensa Moderna)
_v285
_9182365
852 _aES-MaACL
_jC-13128
999 _c115478
_d115478